Fruits Français à Espagnol - Statistiques

Statistiques générales
  • Ce quiz a été pris 141 fois
    112 depuis la dernière actualisation
  • Le résultat moyen est 11 sur 24
Statistiques - réponses
Hint Réponse % Correct
Orange Naranja
91%
Fraise Fresa
88%
Citron Limon
83%
Pomme Manzana
83%
Kiwi Kiwi
69%
Framboise Frambuesa
63%
Cerise Cereza
61%
Ananas Pina
61%
Banane Banana
59%
Poire Pera
59%
Raisin Uva
59%
Tomate Tomato
50%
Mangue Mango
48%
Pêche Melocoton
48%
Cantaloup Melon
41%
Avocat Aguacate
36%
Lime Lima
25%
Melon d'eau Sandia
23%
Mûre Mora
17%
Pamplemousse Pomelo
13%
Prune Ciruela
11%
Clémentine Mandarina
8%
Abricot Damasco
6%
Bleuet Arandano
5%
Aucun quiz correspondant
Distribution des résultats
% des personnes avec chaque résultat
Percentile par nombre de réponses
Votre historique - résultats
Vous n’avez pas pris ce quiz depuis la dernière actualisation